000 00286nam a22001337a 4500
008 170614b xxu||||| |||| 00| 0 eng d
020 _ax000hkk7td
041 _aeng
080 _a328
100 _a19
101 _aSHP
245 _aAMERICAN GOVERNMENT
_cO'CONNOR,K
942 _2udc
_cBK
999 _c17329
_d17329